| 000 | 00000nam 2200000zi 4500 |
| 001 | 9.936325 |
| 003 | CaOODSP |
| 005 | 20240404124017 |
| 006 | m o d f |
| 007 | cr |n |||||||| |
| 008 | 240404e19791212onc ob f000 0|fre d |
| 040 | |aCaOODSP|bfre|erda|cCaOODSP |
| 041 | |afre|aeng |
| 086 | 1 |aST51-54/1979-PDF |
| 245 | 00|aRecruitment and retention of Canadian research personnel = |bRecrutement et rétention du personnel de recherche canadien. |
| 246 | 11|aRecrutement et rétention du personnel de recherche canadien |
| 264 | 1|a[Ottawa] : |b[Ministère d'État, Sciences et Technologie Canada], |c12 décembre 1979. |
| 300 | |a1 ressource en ligne (12 pages non numérotées) |
| 336 | |atexte|btxt|2rdacontent/fre |
| 337 | |ainformatique|bc|2rdamedia/fre |
| 338 | |aressource en ligne|bcr|2rdacarrier/fre |
| 500 | |aÉdition numérisée de l'imprimé [par Innovation, Sciences et Développement économique Canada]. |
| 500 | |a« Un mémoire soumis au Ministre d'état chargé des sciences et de la technologie par l'Association canadienne des physiciens et la Fédération canadienne des sociétés de biologie. » |
| 504 | |aComprend des références bibliographiques. |
| 546 | |aTexte en anglais et en français. |
| 650 | 6|aAide de l'État à la recherche|zCanada. |
| 650 | 6|aScientifiques|xTravail|zCanada. |
| 650 | 6|aIngénieurs|xTravail|zCanada. |
| 650 | 6|aEmploi|xPolitique gouvernementale|zCanada. |
| 710 | 1 |aCanada. |bMinistère d'État, Sciences et technologie, |eorganisme de publication. |
| 710 | 2 |aAssociation canadienne des physiciens, |eorganisme de publication. |
| 710 | 2 |aFédération canadienne des sociétés de biologie, |eorganisme de publication. |
| 791 | |tRecruitment and retention of Canadian research personnel = |eeng|w(CaOODSP)9.936318 |
| 856 | 40|qPDF|s204 Ko|uhttps://publications.gc.ca/collections/collection_2024/isde-ised/st51/ST51-54-1979.pdf |